00416nam a2200133Ia 4500003000400000005001700004008004100021040000900062082001700071100002400088245011500112260004600227300000900273OSt20200129111503.0190216s9999||||xx |||||||||||||| ||und|| coclc a658.4bJOH/E aJohnson, Rossall J  0aExecutive decisions; : human element factors, management functions, social responsibility /cRossall J Johnson bDb.Taraporevala Sons &co,c1963.aBombay: a412p